Liste des épreuves aux Jeux olympiques 2024 - Statistiques

Statistiques générales
  • Ce quiz a été pris 306 fois
  • Le résultat moyen est 22 sur 32
Statistiques - réponses
Épreuves % Correct
Football
95%
Athlétisme
94%
Sports aquatiques
93%
Basketball
91%
Handball
86%
Judo
85%
Volley-ball
85%
Tennis
83%
Cyclisme
79%
Rugby à sept
79%
Tir
77%
Boxe
74%
Équitation
74%
Tennis de table
74%
Aviron
70%
Escrime
70%
Gymnastique
70%
Surf
67%
Badminton
65%
Tir à l'arc
61%
Voile
60%
Canoë-kayak
59%
Lutte
59%
Skateboard
59%
Breakdance
53%
Escalade
52%
Taekwondo
50%
Triathlon
50%
Haltérophilie
48%
Hockey sur gazon
48%
Golf
44%
Pentathlon
30%
Aucun quiz correspondant
Distribution des résultats
% des personnes avec chaque résultat
Percentile par nombre de réponses
Votre historique - résultats
Vous n’avez pas pris ce quiz